| 000 | 01023cam a22003374a 4500 | ||
|---|---|---|---|
| 001 | 2020 | ||
| 003 | FISKH | ||
| 005 | 20231030120118.0 | ||
| 008 | 011101s2002 nyua b 001 0 eng | ||
| 010 | _a 2001006641 | ||
| 020 | _a051622574X | ||
| 020 | _a9780516273808 | ||
| 040 |
_aDLC _cDLC _dDLC _beng |
||
| 042 |
_apcc _alcac |
||
| 050 | 0 | 0 |
_aG108.5.C3 _bD4 2002 |
| 082 | 0 | 0 |
_a912/.01/4 _221 |
| 100 | 1 | _aDe Capua, Sarah. | |
| 245 | 1 | 0 |
_aWe need directions! / _cby Sarah De Capua. |
| 260 |
_aNew York : _bScholastic, _c2002. |
||
| 300 |
_a31 pages : _bcolor illustrations ; _c18 cm |
||
| 440 | 0 | _aRookie read-about geography | |
| 505 | _aJ | ||
| 520 | _aAn introduction to the cardinal directions and how to find them using a compass, the Sun, and a map. | ||
| 521 | 8 |
_a480
_bLexile |
|
| 521 | 8 |
_aJ
_bRaz-Plus |
|
| 650 | 0 |
_aCardinal points _vJuvenile literature. |
|
| 650 | 1 | _aCardinal points. | |
| 650 | 1 | _aOrientation. | |
| 906 |
_a7 _bcbc _corignew _d1 _eecip _f20 _gy-gencatlg |
||
| 942 |
_2ddc _cBK _n0 |
||
| 999 |
_c2020 _d2020 |
||